UM Logo

Quantitative analysis for management/ (Record no. 3727)

MARC details
000 -LEADER
fixed length control field 00764nam a22002057a 4500
008 - FIXED-LENGTH DATA ELEMENTS--GENERAL INFORMATION
fixed length control field 160806b xxu||||| |||| 00| 0 eng d
020 ## - INTERNATIONAL STANDARD BOOK NUMBER
International Standard Book Number 0131971026
082 ## - DEWEY DECIMAL CLASSIFICATION NUMBER
Edition number 2006
Classification number DC 658.00285
Item number R29q
100 ## - MAIN ENTRY--PERSONAL NAME
9 (RLIN) 12410
Personal name Render, Barry
245 ## - TITLE STATEMENT
Title Quantitative analysis for management/
Statement of responsibility, etc. Barry Render, Ralph M. Stair, Jr. and Michael E. Hanna.
250 ## - EDITION STATEMENT
Edition statement 9th edition
260 ## - PUBLICATION, DISTRIBUTION, ETC. (IMPRINT)
Place of publication, distribution, etc. Upper Saddle River, New Jersey:
Name of publisher, distributor, etc. Pearson/Prentice Hall,
Date of publication, distribution, etc. c2006.
300 ## - PHYSICAL DESCRIPTION
Extent xix, 731 pages:
Other physical details illustrations;
Dimensions 25 cm.
500 ## - GENERAL NOTE
General note Includes bibliographical references, appendices and index.
650 #0 - SUBJECT ADDED ENTRY--TOPICAL TERM
9 (RLIN) 12411
Topical term or geographic name as entry element Operations research
650 #0 - SUBJECT ADDED ENTRY--TOPICAL TERM
9 (RLIN) 12412
Topical term or geographic name as entry element Management
700 ## - ADDED ENTRY--PERSONAL NAME
9 (RLIN) 12413
Personal name Stair, Ralph M.
Relator term Author
700 ## - ADDED ENTRY--PERSONAL NAME
9 (RLIN) 12414
Personal name Hanna, Michael E.
Relator term Author
942 ## - ADDED ENTRY ELEMENTS (KOHA)
Source of classification or shelving scheme Dewey Decimal Classification
Koha item type Circulation
Holdings
Withdrawn status Lost status Source of classification or shelving scheme Damaged status Not for loan Collection code Home library Current library Shelving location Date acquired Source of acquisition Total Checkouts Full call number Barcode Date last seen Date last checked out Price effective from Koha item type
    Dewey Decimal Classification     Circulation UM Digos College - LIC UM Digos College - LIC Book Cart 07/11/2011 Photocopied 5 DC 658.00285 R29q 2006 21589 12/01/2022 11/17/2022 08/06/2016 Circulation